000 00340nam a22001337a 4500
005 20160519154655.0
008 160519b xxu||||| |||| 00| 0 eng d
041 _aeng
082 _b3317
100 _aAvadhanulu MN & Kshrisagar P.G.
_9823
245 _aA Text book of Engineering Physics
650 _aDIPLOMA ENGINEERING
_9817
942 _cBK
999 _c1131
_d1131